NLSUI OPAC header image

Language education in multilingual India (Record no. 19561)

MARC details
000 -LEADER
fixed length control field 00399nam a2200157Ia 4500
008 - FIXED-LENGTH DATA ELEMENTS--GENERAL INFORMATION
fixed length control field 160316s2001 xxu||||| |||| 00| 0 eng d
082 ## - DEWEY DECIMAL CLASSIFICATION NUMBER
Classification number 370.000000
Item number DAS
100 ## - MAIN ENTRY--PERSONAL NAME
Personal name Daswani C J
245 ## - TITLE STATEMENT
Title Language education in multilingual India
250 ## - EDITION STATEMENT
Edition statement
260 ## - PUBLICATION, DISTRIBUTION, ETC.
Place of publication, distribution, etc. New Delhi
Name of publisher, distributor, etc. UNESCO
Date of publication, distribution, etc. 2001
300 ## - PHYSICAL DESCRIPTION
Extent 383p
Other physical details
Dimensions xi
365 ## - TRADE PRICE
Price amount Gratis
650 ## - SUBJECT ADDED ENTRY--TOPICAL TERM
Topical term or geographic name entry element 1. Language Education - India
700 ## - ADDED ENTRY--PERSONAL NAME
Personal name
--
Holdings
Withdrawn status Lost status Damaged status Not for loan Home library Current library Shelving location Date acquired Total Checkouts Total Renewals Full call number Barcode Date last seen Date last checked out Price effective from Koha item type
        . .   30.05.2017 1 1 370 DAS 17266 16.11.2021 11.11.2021 30.05.2017 BOOKs